[Event "Tournament: Commonwealth ch."]
[Site "London"]
[Date "1985.02.17"]
[Round "?"]
[White "Carr, N."]
[Black "Stebbings, A."]
[Result "1-0"]
[WhiteElo "2328"]
[BlackElo "2200"]
[PlyCount "53"]
[EventDate "1985.??.??"]

1. e4 c5 2. d4 cxd4 3. c3 dxc3 4. Nxc3 d6 5. Nf3 e6 6. Bc4 Ne7 7. Bg5 a6 8. O-O
h6 9. Bh4 Nbc6 10. Qe2 g5 11. Bg3 e5 12. Rfd1 Bg7 13. h3 g4 14. hxg4 Bxg4 15.
Qd3 Nd4 16. Nxd4 exd4 17. Ne2 Nc6 18. f3 Be6 19. Bxe6 fxe6 20. Qb3 Qd7 21. Nf4
Be5 22. Nh5 Ke7 23. Bh4+ Kf7 24. f4 Kg6 25. Rd3 Kxh5 26. Rg3 d3 27. Qd1+ 1-0

[Event "Tournament: Commonwealth ch."]
[Site "London"]
[Date "1985.02.18"]
[Round "?"]
[White "Stebbings, A."]
[Black "Murphy, H."]
[Result "1-0"]
[WhiteElo "2200"]
[BlackElo "2096"]
[PlyCount "67"]
[EventDate "1985.??.??"]

1. d4 Nf6 2. c4 e6 3. Nc3 Bb4 4. e3 Nc6 5. Nge2 d5 6. a3 Bf8 7. cxd5 exd5 8. g3
a5 9. Bg2 g6 10. O-O Bg7 11. f3 O-O 12. e4 Ne7 13. e5 Ne8 14. f4 c6 15. a4 Nc7
16. b3 Bf5 17. Ba3 Re8 18. h3 h5 19. Kh2 Na6 20. Bf3 Nb4 21. Bxb4 axb4 22. Na2
Qb6 23. Qd2 Nc8 24. g4 hxg4 25. hxg4 Be6 26. Qxb4 Qd8 27. Kg3 b5 28. axb5 Bf8
29. Qd2 cxb5 30. Nac3 Na7 31. f5 gxf5 32. gxf5 Bxf5 33. Bxd5 Bg6 34. Rf6 1-0

[Event "Tournament: Commonwealth ch."]
[Site "London"]
[Date "1985.02.19"]
[Round "?"]
[White "Shailendra, D."]
[Black "Stebbings, A."]
[Result "0-1"]
[WhiteElo "1960"]
[BlackElo "2200"]
[PlyCount "98"]
[EventDate "1985.??.??"]

1. d4 Nf6 2. c4 e6 3. Nf3 Bb4+ 4. Bd2 Qe7 5. a3 Bxd2+ 6. Nbxd2 d6 7. e3 e5 8.
Qc2 O-O 9. d5 a5 10. Be2 Na6 11. O-O Bd7 12. b3 c6 13. e4 Ne8 14. Qc3 Qd8 15.
b4 axb4 16. axb4 c5 17. b5 Nb4 18. Rxa8 Qxa8 19. Ra1 Qd8 20. Nb3 Qe7 21. h3 f5
22. exf5 Bxf5 23. Ra8 Nf6 24. Rxf8+ Qxf8 25. Nh4 Bc8 26. Nd2 Qd8 27. Nhf3 Bf5
28. Nh4 Nfxd5 29. Qg3 Nf4 30. Bf3 Be6 31. Kh2 Qd7 32. Ne4 Kh8 33. Ng5 Bxc4 34.
Be4 g6 35. Nxh7 Qxh7 36. Bxg6 Qh6 37. Be8 Bd3 38. Qg4 Nbd5 39. g3 Nf6 40. Qc8
Qf8 41. gxf4 Qxe8 42. Qxb7 exf4 43. b6 Be4 44. Qc7 Qd7 45. Qb8+ Kg7 46. f3 Bd5
47. Ng2 Nh5 48. Ne1 Qe7 49. Qa7 Qxa7 0-1

[Event "Tournament: Commonwealth ch."]
[Site "London"]
[Date "1985.02.20"]
[Round "?"]
[White "Knott, S."]
[Black "Stebbings, A."]
[Result "0-1"]
[WhiteElo "2280"]
[BlackElo "2200"]
[PlyCount "58"]
[EventDate "1985.??.??"]

1. c4 Nf6 2. Nc3 c5 3. Nf3 d5 4. cxd5 Nxd5 5. g3 Nc6 6. Bg2 Nc7 7. O-O e5 8. d3
Be7 9. Nd2 Bd7 10. Nc4 O-O 11. a4 f6 12. f4 exf4 13. Bxf4 Be6 14. a5 Nd5 15. a6
b6 16. Nb5 Qd7 17. Rf2 Rad8 18. Qf1 Ncb4 19. Nc3 Nxf4 20. Rxf4 f5 21. h4 Bf6
22. Kh2 Bd4 23. Qf3 Bxc3 24. bxc3 Nd5 25. Rg1 b5 26. Ne3 Nxc3 27. Bh3 g6 28. g4
Qd6 29. Qg3 Nxe2 0-1

[Event "Tournament: Commonwealth ch."]
[Site "London"]
[Date "1985.02.21"]
[Round "?"]
[White "Stebbings, A."]
[Black "Davies, N."]
[Result "0-1"]
[WhiteElo "2200"]
[BlackElo "2416"]
[PlyCount "68"]
[EventDate "1985.??.??"]

1. d4 g6 2. c4 Bg7 3. e4 d6 4. Nc3 Nf6 5. f3 O-O 6. Be3 Nbd7 7. Bd3 c5 8. Nge2
cxd4 9. Nxd4 e6 10. Ndb5 d5 11. cxd5 exd5 12. O-O a6 13. Nd6 Ne5 14. Nxc8 Rxc8
15. exd5 Nxd5 16. Nxd5 Qxd5 17. Be4 Qb5 18. Qb3 Nc4 19. Bf4 Qc5+ 20. Kh1 b5 21.
Rac1 Bxb2 22. Rc2 Be5 23. Bh6 Rfd8 24. f4 Bg7 25. Bxg7 Kxg7 26. f5 Rd6 27. Qh3
Re8 28. Bd3 Re3 29. Qh4 Rexd3 30. f6+ Kg8 31. Re1 Re3 32. Rb1 h5 33. Qf4 Qe5
34. Rxc4 Re1+ 0-1

[Event "Tournament: Commonwealth ch."]
[Site "London"]
[Date "1985.02.22"]
[Round "?"]
[White "Condie, M."]
[Black "Stebbings, A."]
[Result "1/2-1/2"]
[WhiteElo "2408"]
[BlackElo "2200"]
[PlyCount "92"]
[EventDate "1985.??.??"]

1. d4 Nf6 2. Nf3 g6 3. Bg5 Bg7 4. Nbd2 d5 5. e3 c5 6. c3 cxd4 7. exd4 Nc6 8.
Bd3 O-O 9. O-O h6 10. Bh4 g5 11. Bg3 Nh5 12. Re1 Nxg3 13. hxg3 Qc7 14. Nf1 g4
15. Nh4 f5 16. Ng6 Rf7 17. Nf4 Qd6 18. Qd2 Bd7 19. Re2 Bf6 20. Rae1 Bg5 21. Bb5
e6 22. Bxc6 Qxc6 23. Qc2 Re8 24. Nd3 Rh7 25. Ne3 Ree7 26. Ne5 Qd6 27. c4 dxc4
28. Qxc4 Kg7 29. Nxd7 Qxd7 30. Qc5 b6 31. Qe5+ Kg6 32. Nc2 Bf6 33. Qe3 Rh8 34.
Rd1 Rd8 35. Qd3 Qd6 36. Red2 Red7 37. Qe2 Qc6 38. Rd3 Rd6 39. b3 h5 40. Qd2 Qd7
41. Qe2 Qc6 42. Qd2 Qd7 43. Qe2 Rd5 44. R3d2 e5 45. Ne3 Rxd4 46. Nc4 Qd5
1/2-1/2

[Event "Tournament: Commonwealth ch."]
[Site "London"]
[Date "1985.02.23"]
[Round "?"]
[White "Stebbings, A."]
[Black "HonKahSeng, C."]
[Result "0-1"]
[WhiteElo "2200"]
[BlackElo "2344"]
[PlyCount "70"]
[EventDate "1985.??.??"]

1. e4 e5 2. Nf3 Nc6 3. Bb5 a6 4. Ba4 Nf6 5. O-O Be7 6. Re1 b5 7. Bb3 O-O 8. a4
Bb7 9. d3 d6 10. c3 Na5 11. Bc2 c5 12. Nbd2 Re8 13. Nf1 Bf8 14. Ng3 d5 15. exd5
Qxd5 16. Bg5 Nd7 17. axb5 axb5 18. d4 Nc6 19. Qd3 e4 20. Qxb5 exf3 21. Qxb7
Rab8 22. Qa6 Rxe1+ 23. Rxe1 Qxg5 24. Qxc6 Qd2 25. Rf1 fxg2 26. Kxg2 Nf6 27. Bb1
Rxb2 28. Ne4 Nxe4 29. Qxe4 g6 30. dxc5 Qg5+ 31. Kh1 Bxc5 32. Qf3 Bd6 33. Rd1
Qe5 34. Qg3 Rxb1 35. Rxb1 Qe4+ 0-1

[Event "Tournament: Commonwealth ch."]
[Site "London"]
[Date "1985.02.24"]
[Round "?"]
[White "Coleman, D."]
[Black "Stebbings, A."]
[Result "1-0"]
[WhiteElo "2136"]
[BlackElo "2200"]
[PlyCount "61"]
[EventDate "1985.??.??"]

1. e4 c5 2. Nf3 e6 3. d4 cxd4 4. Nxd4 Nc6 5. Nb5 d6 6. c4 Nf6 7. N1c3 a6 8. Na3
Be7 9. Be2 O-O 10. O-O b6 11. Be3 Bb7 12. f4 e5 13. f5 Nd4 14. Bd3 b5 15. cxb5
Nxb5 16. Naxb5 axb5 17. Bxb5 Nxe4 18. Nxe4 Bxe4 19. Qg4 Bb7 20. Bh6 g6 21. fxg6
hxg6 22. a4 Qb6+ 23. Kh1 d5 24. Bxf8 Rxf8 25. Qd7 Bc5 26. a5 Qa7 27. b4 Be3 28.
Rae1 Bd2 29. Rxe5 Bxb4 30. a6 Qd4 31. Re8 1-0

[Event "Tournament: Commonwealth ch."]
[Site "London"]
[Date "1985.02.26"]
[Round "?"]
[White "Stebbings, A."]
[Black "Tilak, S."]
[Result "1-0"]
[WhiteElo "2200"]
[BlackElo "2280"]
[PlyCount "115"]
[EventDate "1985.??.??"]

1. e4 e5 2. Nf3 Nc6 3. Bb5 a6 4. Ba4 Nf6 5. O-O Be7 6. d4 exd4 7. Re1 b5 8. e5
Nxe5 9. Rxe5 d6 10. Re1 bxa4 11. Nxd4 Bd7 12. Qf3 O-O 13. Nc6 Bxc6 14. Qxc6 Nd7
15. Nc3 Nb6 16. Nxa4 Nxa4 17. Qxa4 Bf6 18. Rb1 Qc8 19. Qc6 Qf5 20. Be3 Be5 21.
b3 d5 22. Rbd1 Rad8 23. Bd4 Bd6 24. Rd3 h6 25. g3 Bb4 26. Re5 Qd7 27. Qxd7 Rxd7
28. Bc3 Bxc3 29. Rxc3 Rb8 30. Rc6 Rb6 31. Rc5 Rb5 32. Re8+ Kh7 33. Rxb5 axb5
34. Rb8 c6 35. Rc8 Rd6 36. Kf1 Re6 37. Rc7 Kg8 38. Rc8+ Kh7 39. a4 bxa4 40.
bxa4 Re4 41. Rxc6 Rxa4 42. Ke2 Ra1 43. h4 g6 44. Rc5 Rc1 45. Kd2 Rf1 46. Ke2
Rc1 47. Kf3 h5 48. Kf4 Re1 49. Rxd5 Re2 50. c4 Rxf2+ 51. Ke5 Rf3 52. c5 Rxg3
53. c6 Rc3 54. Kd6 Kg7 55. c7 Rxc7 56. Kxc7 f5 57. Kd6 Kf6 58. Kc5 1-0

[Event "County match"]
[Site "?"]
[Date "1985.03.02"]
[Round "?"]
[White "Stebbings, A."]
[Black "Bell, S."]
[Result "0-1"]
[WhiteElo "2200"]
[BlackElo "2224"]
[PlyCount "83"]
[EventDate "1985.??.??"]

1. d4 c5 2. Nf3 cxd4 3. Nxd4 d5 4. g3 e5 5. Nb3 Nc6 6. Bg2 Be6 7. O-O Nf6 8.
Bg5 Be7 9. Bxf6 gxf6 10. e3 Qd7 11. Nc3 O-O-O 12. Qe2 e4 13. Rad1 Qc7 14. Nb5
Qb6 15. N5d4 Ne5 16. Nxe6 fxe6 17. Nd4 Bc5 18. f3 f5 19. f4 Bxd4 20. exd4 Ng4
21. c3 h5 22. h4 Kb8 23. Bh3 Rhg8 24. Bxg4 Rxg4 25. Kh2 Rdg8 26. Rg1 Qc7 27.
Kh3 Qa5 28. a3 Rc8 29. Rc1 Qa4 30. Rc2 Qb3 31. Rgc1 Rc4 32. Rd2 Kc7 33. Kg2 Kd6
34. Kf2 Ke7 35. Ra1 Kf7 36. Kg2 Kg6 37. Kf2 Kh6 38. Kg2 Rc8 39. Kf2 Rg7 40. Rc2
b5 41. Rac1 a5 42. Ra1 0-1

[Event "London league"]
[Site "?"]
[Date "1985.03.13"]
[Round "?"]
[White "Potts, A."]
[Black "Stebbings, A."]
[Result "1/2-1/2"]
[WhiteElo "2240"]
[BlackElo "2200"]
[PlyCount "81"]
[EventDate "1985.??.??"]

1. e4 c5 2. Nf3 e6 3. d4 cxd4 4. Nxd4 Nc6 5. Nc3 a6 6. f4 Nge7 7. Be3 b5 8. a3
Nxd4 9. Qxd4 Nc6 10. Qd2 d6 11. Qf2 Be7 12. Be2 O-O 13. O-O Qc7 14. Qg3 Bd7 15.
Rad1 Kh8 16. e5 Rfd8 17. exd6 Bxd6 18. Bxb5 Qb8 19. Ne4 Be7 20. Ba4 Be8 21. Ng5
Kg8 22. Bb3 Na5 23. Rxd8 Bxd8 24. Bd4 Nxb3 25. cxb3 Bb6 26. Nxe6 g6 27. Qf2
Bxd4 28. Nxd4 a5 29. Re1 Qd6 30. Re5 f6 31. Re6 Qc5 32. Re1 Bf7 33. f5 Qb6 34.
fxg6 hxg6 35. b4 axb4 36. Nc2 Qxf2+ 37. Kxf2 bxa3 38. bxa3 Bb3 39. Nb4 Kf7 40.
Re3 Be6 41. h4 1/2-1/2

[Event "London league"]
[Site "?"]
[Date "1985.03.20"]
[Round "?"]
[White "Stebbings, A."]
[Black "Kooiman, B."]
[Result "1-0"]
[WhiteElo "2200"]
[BlackElo "2064"]
[PlyCount "93"]
[EventDate "1985.??.??"]

1. e4 c5 2. Nf3 Nc6 3. d4 cxd4 4. Nxd4 g6 5. c4 Bg7 6. Be3 Nf6 7. Nc3 d6 8. Be2
h5 9. h3 Bd7 10. Nc2 Rc8 11. O-O a6 12. Rc1 O-O 13. Qd2 Na5 14. Na3 Be6 15. b3
Nc6 16. f3 Kh7 17. Nab1 Ng8 18. f4 f5 19. exf5 Bxf5 20. Nd5 Nf6 21. Nxf6+ Rxf6
22. Nc3 Rf8 23. Bf3 Rb8 24. Nd5 Rc8 25. Rfd1 Qe8 26. Nc3 Qf7 27. Kh1 Bh6 28.
Rf1 Nd8 29. Rce1 Bg7 30. Bb6 Nc6 31. Bd5 Qf6 32. Ne4 Bxe4 33. Bxe4 Bh6 34. Qe2
Kh8 35. f5 e5 36. fxg6 Qg5 37. Qd1 Rxf1+ 38. Rxf1 Rf8 39. Rxf8+ Bxf8 40. Qf3
Bg7 41. Be3 Qh4 42. Kh2 Nd4 43. Qf7 Qf6 44. Bxb7 Nc2 45. Bg5 Qxf7 46. gxf7 Bf8
47. Bf6+ 1-0

[Event "County match"]
[Site "?"]
[Date "1985.03.23"]
[Round "?"]
[White "Maguire, G."]
[Black "Stebbings, A."]
[Result "0-1"]
[WhiteElo "2112"]
[BlackElo "2200"]
[PlyCount "81"]
[EventDate "1985.??.??"]

1. e4 c5 2. Nf3 e6 3. d4 cxd4 4. Nxd4 Nc6 5. Nc3 a6 6. Be3 Qc7 7. Bd3 Nf6 8.
O-O Ne5 9. h3 Bc5 10. Qe2 d6 11. Nb3 Bxe3 12. Qxe3 b5 13. f4 Ng6 14. Rad1 O-O
15. Ne2 e5 16. f5 Ne7 17. Ng3 Bb7 18. Qg5 d5 19. Nd2 Rfd8 20. Rde1 Rac8 21. Kh1
dxe4 22. Ndxe4 Ned5 23. Nxf6+ Nxf6 24. Nh5 Nxh5 25. Qxh5 f6 26. Qe2 Qc6 27. Rf2
Qc5 28. Qe3 Rd4 29. Kg1 Qd5 30. b3 Qc5 31. c4 Qd6 32. Bf1 b4 33. Qc1 Qd7 34.
Qc2 Rc5 35. Qc1 Be4 36. Qe3 Bxf5 37. Qf3 Be6 38. Qa8+ Qc8 39. Qa7 a5 40. Re3
Qc7 41. Qa8+ 0-1

[Event "Kent league"]
[Site "?"]
[Date "1985.03.27"]
[Round "?"]
[White "Stebbings, A."]
[Black "O'Brien, R."]
[Result "1-0"]
[WhiteElo "2200"]
[BlackElo "2032"]
[PlyCount "70"]
[EventDate "1985.??.??"]

1. e4 c6 2. d4 d5 3. exd5 cxd5 4. c4 Nf6 5. Nc3 e6 6. Nf3 Nc6 7. c5 Ne4 8. Bb5
Nxc3 9. bxc3 Bd7 10. Bf4 Be7 11. O-O O-O 12. Rb1 f6 13. Re1 Kh8 14. Bg3 Bc8 15.
Qc2 Qe8 16. c4 Qf7 17. cxd5 exd5 18. h3 Rd8 19. Rb3 Bf8 20. Rbe3 g6 21. Bxc6
bxc6 22. Qa4 Bb7 23. Rb3 Rd7 24. Rbe3 Kg8 25. Bf4 Rc8 26. R3e2 Ba8 27. Qa6 Bb7
28. Qxa7 g5 29. Bd6 Ra8 30. Qb6 h5 31. Bxf8 Kxf8 32. Qb1 Kg7 33. Qf5 Rc7 34.
Re6 Bc8 35. Nxg5 Qg6 1-0

[Event "Kent league"]
[Site "?"]
[Date "1985.03.29"]
[Round "?"]
[White "Harrison, R."]
[Black "Stebbings, A."]
[Result "0-1"]
[WhiteElo "1824"]
[BlackElo "2200"]
[PlyCount "64"]
[EventDate "1985.??.??"]

1. e4 c5 2. d4 cxd4 3. c3 dxc3 4. Nxc3 d6 5. Nf3 e6 6. Bc4 Ne7 7. O-O a6 8. a4
Nbc6 9. Qe2 Ng6 10. Rd1 Be7 11. Be3 O-O 12. Rac1 Bd7 13. h4 Nxh4 14. Nxh4 Bxh4
15. Rxd6 Qc7 16. Rd2 Rfd8 17. f4 Be8 18. Bd3 Nd4 19. Qd1 Qa5 20. Bxa6 bxa6 21.
Bxd4 Be7 22. Qg4 Rxd4 23. Rxd4 Bc5 24. Qd1 Rd8 25. Ne2 Bxd4+ 26. Nxd4 Qb4 27.
Qc2 Qxd4+ 28. Kh1 Bxa4 29. Qc7 h6 30. Rc4 Qd1+ 31. Kh2 Bb5 32. Rc1 Qd6 0-1

[Event "County match"]
[Site "?"]
[Date "1985.03.30"]
[Round "?"]
[White "Harris, R."]
[Black "Stebbings, A."]
[Result "1/2-1/2"]
[WhiteElo "2136"]
[BlackElo "2200"]
[PlyCount "65"]
[EventDate "1985.??.??"]

1. d4 Nf6 2. c4 e6 3. Nf3 Bb4+ 4. Bd2 Qe7 5. g3 Nc6 6. Bg2 Bxd2+ 7. Nbxd2 d6 8.
O-O O-O 9. e3 e5 10. Qc2 Bd7 11. a3 a5 12. Nb1 a4 13. Nc3 Na5 14. dxe5 dxe5 15.
Ng5 Be6 16. Nxe6 Qxe6 17. Nxa4 Qxc4 18. Rac1 Qxc2 19. Rxc2 c6 20. Nc5 b5 21.
Rd1 Rfd8 22. Rxd8+ Rxd8 23. Bf3 Nd5 24. b3 Kf8 25. Be2 Nb6 26. a4 bxa4 27. bxa4
Ke7 28. Nd3 f6 29. Nb4 Kd6 30. Rd2+ Ke7 31. Rc2 Kd6 32. Rd2+ Ke7 33. Rc2
1/2-1/2

[Event "London league"]
[Site "?"]
[Date "1985.04.01"]
[Round "?"]
[White "Smart, L."]
[Black "Stebbings, A."]
[Result "0-1"]
[WhiteElo "2064"]
[BlackElo "2200"]
[PlyCount "48"]
[EventDate "1985.??.??"]

1. e4 c5 2. Nf3 e6 3. d4 cxd4 4. Nxd4 Nc6 5. Nc3 a6 6. Be3 Qc7 7. Bd3 Nf6 8.
O-O Ne5 9. h3 Bc5 10. Qe2 d6 11. f4 Ng6 12. Nd1 O-O 13. c4 e5 14. fxe5 Nxe5 15.
Nc3 Be6 16. Rac1 Nfd7 17. b3 Nc6 18. Nxc6 bxc6 19. Nd5 Qa7 20. Ne7+ Kh8 21.
Rce1 Ne5 22. Nf5 Bxf5 23. Rxf5 Bxe3+ 24. Qxe3 Nxd3 0-1

[Event "Essex league"]
[Site "?"]
[Date "1985.04.04"]
[Round "?"]
[White "Stebbings, A."]
[Black "Carr, N."]
[Result "0-1"]
[WhiteElo "2200"]
[BlackElo "2328"]
[PlyCount "73"]
[EventDate "1985.??.??"]

1. e4 d6 2. d4 Nf6 3. Nc3 g6 4. f4 Bg7 5. Nf3 c5 6. Bb5+ Bd7 7. e5 Ng4 8. h3
Bxb5 9. Nxb5 dxe5 10. hxg4 Qa5+ 11. c3 e4 12. Qe2 exf3 13. Nd6+ Kd7 14. Nxb7
Qb6 15. Qxf3 cxd4 16. Nc5+ Qxc5 17. Qxa8 dxc3 18. Qb7+ Kd6 19. bxc3 Bxc3+ 20.
Ke2 Nc6 21. Be3 Qc4+ 22. Kf2 Bxa1 23. Rxa1 Qc2+ 24. Kf3 Rb8 25. Qa6 Rb2 26. Qf1
f5 27. gxf5 gxf5 28. Rd1+ Kc7 29. Kg3 Qe2 30. Qxe2 Rxe2 31. Bc5 Rxa2 32. Re1
Kd7 33. Rd1+ Kc7 34. Re1 Kd7 35. Rd1+ Ke6 36. Rh1 Kd5 37. Be3 0-1

[Event "Essex league"]
[Site "?"]
[Date "1985.04.09"]
[Round "?"]
[White "Lee, E."]
[Black "Stebbings, A."]
[Result "0-1"]
[WhiteElo "2176"]
[BlackElo "2200"]
[PlyCount "64"]
[EventDate "1985.??.??"]

1. e4 c5 2. c3 Nf6 3. d3 d5 4. Qc2 e5 5. f4 Nc6 6. Nf3 Qc7 7. f5 Be7 8. Bg5 d4
9. h3 Nh5 10. Bc1 Ng3 11. Rg1 h5 12. a4 h4 13. Na3 g6 14. Nb5 Qb6 15. Qb3 gxf5
16. Ng5 Bxg5 17. Bxg5 Be6 18. c4 f4 19. Be2 Kd7 20. Qa3 Qa5+ 21. Kd1 b6 22. Rb1
Rag8 23. Bf6 Rh6 24. Bxe5 Nxe5 25. b4 cxb4 26. Rxb4 a6 27. Nxd4 Qc5 28. Qb2 Rb8
29. Re1 Rhh8 30. Kd2 Rhd8 31. Qc3 Ke7 32. Nc2 Nxe4+ 0-1

[Event "Team match"]
[Site "London"]
[Date "1985.04.11"]
[Round "?"]
[White "Lawrance, R."]
[Black "Stebbings, A."]
[Result "0-1"]
[WhiteElo "1712"]
[BlackElo "2200"]
[PlyCount "64"]
[EventDate "1985.??.??"]

1. d4 Nf6 2. c4 e6 3. Nf3 b6 4. e3 Bb7 5. Bd3 d5 6. Nbd2 Nbd7 7. O-O Bd6 8. b3
O-O 9. Bb2 c5 10. cxd5 exd5 11. Ne5 Qe7 12. Nxd7 Nxd7 13. Nf3 Rfd8 14. Rc1 a6
15. Qe2 Nf6 16. Ne5 b5 17. f4 c4 18. Bb1 Nd7 19. Rf3 Nf8 20. Qf2 f6 21. Rf1
Rac8 22. Bf5 Rc7 23. Ng4 h5 24. Rh3 hxg4 25. Bxg4 f5 26. Bxf5 Bc8 27. Bxc8
Rdxc8 28. g4 cxb3 29. g5 Rc2 30. Qh4 Qe4 31. Qh8+ Kf7 32. Rhf3 Nh7 0-1

[Event "Essex league"]
[Site "?"]
[Date "1985.04.23"]
[Round "?"]
[White "Stebbings, A."]
[Black "Bowden, K."]
[Result "1/2-1/2"]
[WhiteElo "2200"]
[BlackElo "2272"]
[PlyCount "43"]
[EventDate "1985.??.??"]

1. d4 e6 2. c4 Nf6 3. Nc3 Bb4 4. e3 b6 5. Nge2 Ba6 6. Ng3 O-O 7. e4 Nc6 8. Bd3
e5 9. d5 Bxc3+ 10. bxc3 Ne7 11. Bg5 Ne8 12. O-O f6 13. Be3 d6 14. f4 exf4 15.
Bxf4 Ng6 16. Nf5 c5 17. dxc6 Ne5 18. Be2 g6 19. Nd4 Nc7 20. Qa4 Qe8 21. Rad1
Rd8 22. Rd2 1/2-1/2

[Event "Kent league"]
[Site "?"]
[Date "1985.05.12"]
[Round "?"]
[White "Ward, C."]
[Black "Stebbings, A."]
[Result "1/2-1/2"]
[WhiteElo "2280"]
[BlackElo "2240"]
[PlyCount "49"]
[EventDate "1985.??.??"]

1. d4 Nf6 2. c4 e6 3. Nf3 Bb4+ 4. Bd2 Qe7 5. e3 b6 6. Be2 Bb7 7. O-O Bxd2 8.
Nfxd2 c5 9. Nc3 O-O 10. Bf3 d6 11. Bxb7 Qxb7 12. Qf3 Qxf3 13. Nxf3 Rd8 14. Rfd1
Nbd7 15. Rd2 Kf8 16. Kf1 Ke7 17. Rad1 a6 18. dxc5 Nxc5 19. Nd4 Rac8 20. f3 g6
21. e4 Ncd7 22. b3 Ne5 23. Na4 Ned7 24. Ne2 Ne8 25. Nd4 1/2-1/2

[Event "London league"]
[Site "?"]
[Date "1985.09.25"]
[Round "?"]
[White "Blackwell, C."]
[Black "Stebbings, A."]
[Result "1/2-1/2"]
[WhiteElo "2008"]
[BlackElo "2240"]
[PlyCount "51"]
[EventDate "1985.??.??"]

1. Nf3 d5 2. b3 Bg4 3. Bb2 Nd7 4. d4 e6 5. e3 Ngf6 6. Be2 Bd6 7. Nbd2 O-O 8.
Ne5 Bxe2 9. Qxe2 Qe7 10. f4 Ne4 11. Nxe4 dxe4 12. O-O Rfd8 13. Rac1 f5 14. Rfd1
Nxe5 15. fxe5 Bb4 16. c3 Ba5 17. c4 c6 18. Bc3 Bxc3 19. Rxc3 Qb4 20. Rc2 a5 21.
Qd2 Qe7 22. Qc3 h6 23. Rcd2 Re8 24. d5 exd5 25. cxd5 Qxe5 26. Qc4 1/2-1/2

[Event "Essex league"]
[Site "?"]
[Date "1985.09.26"]
[Round "?"]
[White "Stebbings, A."]
[Black "Howson, J."]
[Result "1/2-1/2"]
[WhiteElo "2240"]
[BlackElo "2128"]
[PlyCount "68"]
[EventDate "1985.??.??"]

1. d4 d5 2. c4 e6 3. Nc3 f5 4. Nf3 Nf6 5. Bf4 c6 6. e3 Be7 7. Be2 O-O 8. O-O
Bd7 9. Qb3 Qb6 10. c5 Qxb3 11. axb3 Rc8 12. Ra3 Bd8 13. Rfa1 a6 14. b4 Bc7 15.
Bxc7 Rxc7 16. b5 cxb5 17. Nxb5 Bxb5 18. Bxb5 Nbd7 19. Bd3 Ne4 20. Kf1 e5 21. b4
exd4 22. exd4 Rf8 23. Bb1 Ndf6 24. Ba2 Rd8 25. h3 g5 26. Ne5 g4 27. hxg4 Nxg4
28. Nxg4 fxg4 29. f3 Rf7 30. Re3 gxf3 31. gxf3 Kh8 32. Ke2 Ng3+ 33. Kd3 Nh5 34.
Rg1 Rdf8 1/2-1/2

[Event "Kent league"]
[Site "?"]
[Date "1985.10.01"]
[Round "?"]
[White "Ruston, M."]
[Black "Stebbings, A."]
[Result "0-1"]
[WhiteElo "2032"]
[BlackElo "2240"]
[PlyCount "71"]
[EventDate "1985.??.??"]

1. e4 c5 2. Nc3 Nc6 3. g3 g6 4. Bg2 Bg7 5. d3 d6 6. Be3 e6 7. Nf3 Nd4 8. O-O
Ne7 9. Qd2 Rb8 10. Nd1 O-O 11. Nh4 e5 12. f4 exf4 13. Bxf4 Be6 14. Nf2 Qd7 15.
c3 Ndc6 16. Nf3 Ne5 17. Ng5 Rbd8 18. Nxe6 Qxe6 19. Qe2 Qd7 20. Rad1 Qb5 21. Qd2
Qa4 22. b3 Qa5 23. b4 cxb4 24. cxb4 Qa3 25. Rb1 b5 26. Kh1 Rc8 27. Bh6 Qc3 28.
Qe3 N7c6 29. Bh3 Ra8 30. Rfd1 Qd4 31. Rdc1 Bxh6 32. Qxh6 Qxf2 33. Rf1 Qd4 34.
Rf6 Ng4 35. Bxg4 Qxf6 36. Rc1 0-1

[Event "County match"]
[Site "?"]
[Date "1985.10.12"]
[Round "?"]
[White "Farrand, T."]
[Black "Stebbings, A."]
[Result "1-0"]
[WhiteElo "2184"]
[BlackElo "2240"]
[PlyCount "59"]
[EventDate "1985.??.??"]

1. e4 c5 2. Nc3 Nc6 3. f4 e6 4. Nf3 Nge7 5. d4 cxd4 6. Nxd4 a6 7. Be3 b5 8. Nb3
Ng6 9. Qd2 d6 10. O-O-O Be7 11. Qf2 Qc7 12. g4 Bb7 13. h4 h6 14. Bg2 Bf6 15.
Bb6 Qe7 16. Nd5 exd5 17. g5 Nxf4 18. gxf6 Qxf6 19. Rhf1 g5 20. exd5 Ne5 21. Bd4
Rc8 22. Bxe5 dxe5 23. d6 Bxg2 24. d7+ Ke7 25. dxc8=Q Rxc8 26. Qd2 Qc6 27. Rfe1
f6 28. hxg5 hxg5 29. Kb1 Bf3 30. Nd4 1-0

[Event "London league"]
[Site "?"]
[Date "1985.10.16"]
[Round "?"]
[White "Stebbings, A."]
[Black "Upton, I."]
[Result "1/2-1/2"]
[WhiteElo "2240"]
[BlackElo "2168"]
[PlyCount "20"]
[EventDate "1985.??.??"]

1. e4 e5 2. Nf3 Nc6 3. Bb5 Bc5 4. O-O Nf6 5. Nxe5 Nxe5 6. d4 a6 7. Ba4 Nxe4 8.
Qe2 Qe7 9. Qxe4 Nc6 10. Qxe7+ Bxe7 1/2-1/2

[Event "Kent league"]
[Site "?"]
[Date "1985.10.17"]
[Round "?"]
[White "Heath, D."]
[Black "Stebbings, A."]
[Result "1/2-1/2"]
[WhiteElo "1920"]
[BlackElo "2240"]
[PlyCount "70"]
[EventDate "1985.??.??"]

1. d4 Nf6 2. Nc3 d5 3. Bg5 Nbd7 4. Nf3 e6 5. e4 h6 6. Bh4 g5 7. Bg3 Nxe4 8.
Nxe4 dxe4 9. Nd2 Bg7 10. h4 Bxd4 11. c3 Bg7 12. hxg5 Nc5 13. Rh4 hxg5 14. Rxh8+
Bxh8 15. Qh5 Qf6 16. Nc4 Bg7 17. Bxc7 Bf8 18. O-O-O Bd7 19. Kb1 Nd3 20. f3 Nf4
21. Qh2 exf3 22. gxf3 Bc6 23. Qd2 Be7 24. Ne5 Rc8 25. Nxc6 Rxc7 26. Nxe7 Qxe7
27. Bb5+ Kf8 28. Qd4 Kg8 29. Rh1 f6 30. Qxa7 Rc8 31. Rd1 Rd8 32. Rh1 Ng6 33.
Qe3 e5 34. Bd3 Kg7 35. Qe4 Nf8 1/2-1/2

[Event "Kent league"]
[Site "?"]
[Date "1985.10.24"]
[Round "?"]
[White "Chandler, C."]
[Black "Stebbings, A."]
[Result "1-0"]
[WhiteElo "2272"]
[BlackElo "2240"]
[PlyCount "70"]
[EventDate "1985.??.??"]

1. d4 Nf6 2. c4 e6 3. Nf3 Bb4+ 4. Bd2 Qe7 5. g3 Nc6 6. Bg2 Bxd2+ 7. Qxd2 Ne4 8.
Qc2 Qb4+ 9. Nc3 Nxc3 10. Qxc3 Qxc3+ 11. bxc3 Na5 12. c5 Rb8 13. Rb1 b6 14. Ne5
Ba6 15. Nd3 Ke7 16. Rb4 d6 17. O-O Rhd8 18. cxb6 cxb6 19. d5 e5 20. f4 f6 21.
Bh3 Bc8 22. Bg2 Rb7 23. fxe5 fxe5 24. Rh4 h6 25. Nb4 Rc7 26. Rf3 Bd7 27. Bh3
Rdc8 28. Bxd7 Kxd7 29. Rg4 Ke8 30. Rg6 Rf7 31. Rxf7 Kxf7 32. Rxd6 Rxc3 33. Nd3
e4 34. Ne5+ Kf8 35. Re6 Rc2 1-0

[Event "County match"]
[Site "?"]
[Date "1985.11.02"]
[Round "?"]
[White "Arnot, R."]
[Black "Stebbings, A."]
[Result "0-1"]
[WhiteElo "1952"]
[BlackElo "2240"]
[PlyCount "70"]
[EventDate "1985.??.??"]

1. d4 Nf6 2. c4 g6 3. g3 Bg7 4. Bg2 d5 5. cxd5 Nxd5 6. e4 Nb4 7. Be3 Bxd4 8.
Bxd4 Qxd4 9. Qxd4 Nc2+ 10. Kf1 Nxd4 11. Na3 Nbc6 12. Ne2 e5 13. Rc1 Nxe2 14.
Kxe2 Be6 15. Rhd1 Bxa2 16. Nb5 Rc8 17. Bh3 Be6 18. Bxe6 fxe6 19. Ke3 a6 20. Na3
Ke7 21. Nc4 Rcd8 22. Nd2 Rd6 23. Nc4 Rxd1 24. Rxd1 Rd8 25. Rc1 Kf6 26. Nd2 Rd6
27. Nb3 Nb4 28. Nc5 b6 29. Na4 c5 30. Nc3 c4 31. Rf1 b5 32. f4 exf4+ 33. gxf4
Rd3+ 34. Ke2 Rh3 35. Rf2 Nd3 0-1

[Event "London league"]
[Site "?"]
[Date "1985.11.06"]
[Round "?"]
[White "Berry, A."]
[Black "Stebbings, A."]
[Result "1/2-1/2"]
[WhiteElo "2128"]
[BlackElo "2240"]
[PlyCount "54"]
[EventDate "1985.??.??"]

1. e4 c5 2. Nf3 e6 3. d4 cxd4 4. Nxd4 Nc6 5. Nc3 a6 6. Be2 Qc7 7. Be3 Nf6 8. f4
Bb4 9. Qd3 d5 10. e5 Ne4 11. Bf3 Na5 12. Bxe4 dxe4 13. Qxe4 Bxc3+ 14. bxc3
Qxc3+ 15. Kf2 O-O 16. Nb3 Nxb3 17. cxb3 Bd7 18. Rhc1 Qb2+ 19. Qc2 Qxc2+ 20.
Rxc2 Rac8 21. Rxc8 Rxc8 22. Rc1 Rxc1 23. Bxc1 Bc6 24. Ba3 Be4 25. Be7 Bb1 26.
a3 Bc2 27. b4 Be4 1/2-1/2